<?xml version="1.0" encoding="UTF-8"?>
<record
    xmlns:xsi="http://www.w3.org/2001/XMLSchema-instance"
    xsi:schemaLocation="http://www.loc.gov/MARC21/slim http://www.loc.gov/standards/marcxml/schema/MARC21slim.xsd"
    xmlns="http://www.loc.gov/MARC21/slim">

  <leader>01319nam a22002057a 4500</leader>
  <datafield tag="952" ind1=" " ind2=" ">
    <subfield code="0">0</subfield>
    <subfield code="1">0</subfield>
    <subfield code="4">0</subfield>
    <subfield code="7">0</subfield>
    <subfield code="a">22</subfield>
    <subfield code="b">22</subfield>
    <subfield code="d">2013-12-02</subfield>
    <subfield code="l">3</subfield>
    <subfield code="o">LB1028 B418 1982</subfield>
    <subfield code="p">22 000026</subfield>
    <subfield code="r">2016-08-04</subfield>
    <subfield code="s">2016-07-06</subfield>
    <subfield code="t">1</subfield>
    <subfield code="w">2013-12-02</subfield>
    <subfield code="y">LB</subfield>
  </datafield>
  <datafield tag="999" ind1=" " ind2=" ">
    <subfield code="c">91352</subfield>
    <subfield code="d">91352</subfield>
  </datafield>
  <controlfield tag="008">131202t19821970sp a   | |||| 00| 0 spa d</controlfield>
  <datafield tag="020" ind1=" " ind2=" ">
    <subfield code="a">8471120992</subfield>
  </datafield>
  <datafield tag="050" ind1="1" ind2="4">
    <subfield code="a">LB1028</subfield>
    <subfield code="b">B418</subfield>
  </datafield>
  <datafield tag="100" ind1=" " ind2=" ">
    <subfield code="a">Best, John W.</subfield>
    <subfield code="e">autor</subfield>
  </datafield>
  <datafield tag="245" ind1="1" ind2="0">
    <subfield code="a">C&#xF3;mo Investigar en Educaci&#xF3;n</subfield>
    <subfield code="c">J. W. Best</subfield>
  </datafield>
  <datafield tag="250" ind1=" " ind2=" ">
    <subfield code="a">9a. edici&#xF3;n</subfield>
  </datafield>
  <datafield tag="260" ind1=" " ind2=" ">
    <subfield code="a">Espa&#xF1;a</subfield>
    <subfield code="b">Morata</subfield>
    <subfield code="c">1982</subfield>
  </datafield>
  <datafield tag="300" ind1=" " ind2=" ">
    <subfield code="a">510 paginas.</subfield>
  </datafield>
  <datafield tag="504" ind1=" " ind2=" ">
    <subfield code="a">Prefacio (pp.11)
Contenido (pp.13)
Apendice (pp.365)
&#xCD;ndice de materias (pp.495)
&#xCD;ndice de autores (pp.505)</subfield>
  </datafield>
  <datafield tag="505" ind1=" " ind2=" ">
    <subfield code="a">Cap&#xED;tulo I. El significado de la investigaci&#xF3;n 
Cap&#xED;tulo II. Selecci&#xF3;n del problema
Cap&#xED;tulo III. Uso de las referencias
Cap&#xED;tulo IV. La investigaci&#xF3;n hist&#xF3;rica
Cap&#xED;tulo V. Investigaci&#xF3;n descriptiva
Cap&#xED;tulo VI. Investigaci&#xF3;n experimental
Cap&#xED;tulo VII.Instrumentos de la investigaci&#xF3;n
Cap&#xED;tulo VIII. Interpretaci&#xF3;n de los datos
Cap&#xED;tulo IX. An&#xE1;lisis estad&#xED;stico de los datos
Cap&#xED;tulo X. An&#xE1;lisis deductivo de los datos
Cap&#xED;tulo XI. El informe de la investigaci&#xF3;n
Cap&#xED;tulo XII. Algunos estudios importantes de investigaci&#xF3;n
Cap&#xED;tulo XIII. Orientaciones oficiales</subfield>
  </datafield>
  <datafield tag="519" ind1=" " ind2=" ">
    <subfield code="a">Educaci&#xF3;n Mixta / </subfield>
    <subfield code="b">Pedagog&#xED;a / </subfield>
    <subfield code="c">Teor&#xED;as Sociol&#xF3;gicas de la Educaci&#xF3;n (B15-3) / </subfield>
    <subfield code="d">(22 000026)</subfield>
  </datafield>
  <datafield tag="650" ind1="1" ind2="7">
    <subfield code="a">INVESTIGACI&#xD3;N PEDAG&#xD3;GICA.</subfield>
  </datafield>
  <datafield tag="700" ind1=" " ind2=" ">
    <subfield code="a">Gonzalvo Mainar, Gonzalo.,</subfield>
    <subfield code="e">traducotr</subfield>
  </datafield>
  <datafield tag="942" ind1=" " ind2=" ">
    <subfield code="c">LB</subfield>
  </datafield>
</record>
